00999 2200313 4500001002100000005001500021035002000036007000300056008004100059020002200100040002200122082001600144084001800160090002200178100002700200245011800227250003200345300005300377650003000430850001200460504003200472264003200504336002100536337003000557338002300587999002200610700003100632990002200663INLIS00000000087960620230627120327 a0010-0623000679ta230619s2022 yoia g ind d a978-623-02-6180-0 aYOPDYOGbinderda04223a577.789 a577.789 SAN p aCB-D.11 2022-37270 aSangaji, M.ePengarang10aPengelolaan ekosistem terumbu karang berbasis resiliensi ekologi sosial /cM. Sangaji; penyunting, Wahyu N. Cahyo aCetakan pertama: Maret 2022 axii, 102 halaman :bpeta, tabel, gambar ;c23 cm 4aTerumbu karang--xEkologi aYOPDYOG aBibliografi: halaman 93-10231aSleman :bDeepublish,c2022 2rdacontentateks 2rdamediaatanpa perantara 2rdacarrieravolume aCB-D.11/2022-37270 aWahyu N. CahyoePenyunting aCB-D.11/2022-3727